Aspetti del fenomeno processuale nell'esperienza giuridica romana

Salvato in:
Dettagli Bibliografici
Autore principale: Biscardi, Arnaldo (Autore)
Natura: Libro
Lingua:italiano
Pubblicazione: Milán Cisalpino-Goliardica 1973
Soggetti:
Tags: Aggiungi Tag
Nessun Tag, puoi essere il primo ad aggiungerne!!

MARC

LEADER 00000nam a2200000 a 4500
001 UCR0964
003 CL-VaPUC
008 971205e19730000IT |||||||||||||||||ita|d
082 0 4 |a 340.54  |b BIS  |2 21 
100 0 |a Biscardi, Arnaldo  |e author  |9 397645 
245 1 0 |a Aspetti del fenomeno processuale nell'esperienza giuridica romana 
300 |a 318 p 
942 |c BK 
945 |d 19971205 00:00:00  |a aolguin 
260 |a Milán  |b Cisalpino-Goliardica  |c 1973 
650 0 |a Derecho romano  |9 255930 
650 0 |a Derecho procesal penal  |9 255496 
650 7 |a PROCEDIMIENTO PROCESAL  |2 CL-VaPUC  |9 397592 
650 0 |a Procedimiento penal  |9 254974 
583 |a last modification  |c 19971205 00:00:00  |k Rodrigo Vera 
999 |c 264461  |d 264459 
952 |0 0  |1 0  |4 0  |6 340_540000000000000_BIS_1973  |7 0  |8 DER_ROM  |9 294739  |a BIBDER  |b BIBDER  |d 2019-11-19  |i 1909606  |l 1  |o 340.54 BIS 1973  |p 1909606  |r 2023-01-25  |s 2020-03-17  |w 2019-11-19  |x Ubicación 4to piso  |y BK  |z Este recurso debe solicitarse con anticipación  |k DER